Lanean...
A guide to compulsory purchase and compensation
| Egile nagusia: | |
|---|---|
| Formatua: | Printed Book |
| Hizkuntza: | English |
| Argitaratua: |
London
Sweet and Maxwell
1951
|
| Edizioa: | 2nd ed. |
| LEADER | 00509nam a22001577a 4500 | ||
|---|---|---|---|
| 003 | OSt | ||
| 008 | 100119t xxu||||| |||| 00| 0 eng d | ||
| 080 | |a 347.751 |b STE'51 | ||
| 100 | |a Stewart-Brown, R. D. |9 9999 | ||
| 245 | |a A guide to compulsory purchase and compensation | ||
| 250 | |a 2nd ed. | ||
| 260 | |a London |b Sweet and Maxwell |c 1951 | ||
| 300 | |a 99p. | ||
| 942 | |c BK |6 _ | ||
| 999 | |c 191761 |d 191761 | ||
| 952 | |0 0 |1 0 |4 0 |6 347751_STE51 |7 0 |9 247205 |a SLS |b SLS |d 2010-01-19 |o 347.751 STE'51 |p SLS002309 |r 2010-01-19 |t 1 |w 2010-01-19 |y BK | ||